Online
Catalog

Ávila Dibujada : (Record no. 43325)

MARC details
000 -CABECERA
campo de control de longitud fija 00735nam a2200181 a 4500
001 - NÚMERO DE CONTROL
campo de control 000043836
005 - FECHA Y HORA DE LA ÚLTIMA TRANSACCIÓN
campo de control 20201002045010.0
008 - DATOS DE LONGITUD FIJA--INFORMACIÓN GENERAL
campo de control de longitud fija 140506s2005 sp ac 000 0 spa d
020 ## - NÚMERO INTERNACIONAL ESTÁNDAR DEL LIBRO
Número Internacional Estándar del Libro 8460934187
040 ## - FUENTE DE LA CATALOGACIÓN
Centro catalogador/agencia de origen DO-SdBNP
Lengua de catalogación spa
Centro/agencia transcriptor BNPHU
100 1# - ENTRADA PRINCIPAL--NOMBRE DE PERSONA
Nombre de persona Sanchidrián Gallego, Jesús María José
9 (RLIN) 69854
245 10 - MENCIÓN DE TÍTULO
Título Ávila Dibujada :
Resto del título la ciudad ilustrada en el siglo XIX /Jesús Ma. J. Sanchidrián Gallego ; textos preliminares, Ángel Barrios... [et al.].
260 ## - PUBLICACIÓN, DISTRIBUCIÓN, ETC.
Lugar de publicación, distribución, etc. Ávila :
Nombre del editor, distribuidor, etc. Ayuntamiento de Ávila, Área de Urbanismo,
Fecha de publicación, distribución, etc. 2005.
300 ## - DESCRIPCIÓN FÍSICA
Extensión 175 p. :
Otras características físicas il., retrs. ;
Dimensiones 30 cm.
504 ## - NOTA DE BIBLIOGRAFÍA, ETC.
Nota de bibliografía, etc. Bibliografía : p. 159-161
504 ## - NOTA DE BIBLIOGRAFÍA, ETC.
Nota de bibliografía, etc. Incluye referencias bibliográficas y notas al pie de las páginas
700 12 - PUNTO DE ACCESO ADICIONAL--NOMBRE DE PERSONA
Nombre de persona Barrio, Ángel
9 (RLIN) 71701

No items available.

Powered by Koha